MARC details
| 000 -CABECERA |
| campo de control de longitud fija |
00914cam a2200253 a 4500 |
| 001 - NÚMERO DE CONTROL |
| campo de control |
000018487 |
| 005 - FECHA Y HORA DE LA ÚLTIMA TRANSACCIÓN |
| campo de control |
20200929165819.0 |
| 008 - DATOS DE LONGITUD FIJA--INFORMACIÓN GENERAL |
| campo de control de longitud fija |
990727s1969 sp a 000 p spa d |
| 040 ## - FUENTE DE LA CATALOGACIÓN |
| Centro catalogador/agencia de origen |
DO-SdBNP |
| Lengua de catalogación |
spa |
| Centro/agencia transcriptor |
BNPHU |
| 082 ## - NÚMERO DE LA CLASIFICACIÓN DECIMAL DEWEY |
| Número de clasificación |
861.5 |
| Número de documento/Ítem |
C355c |
| 049 ## - FONDOS LOCALES (OCLC) |
| Fondos de biblioteca |
BNGR |
| 100 1# - ENTRADA PRINCIPAL--NOMBRE DE PERSONA |
| Nombre de persona |
Castro, Rosalía de, |
| Fechas asociadas al nombre |
1837-1885 |
| 9 (RLIN) |
15026 |
| 245 10 - MENCIÓN DE TÍTULO |
| Título |
Cantares gallegos / |
| Mención de responsabilidad, etc. |
Rosalía de Castro ; introducción y notas de Ricardo Carballo Calero. |
| 260 ## - PUBLICACIÓN, DISTRIBUCIÓN, ETC. |
| Lugar de publicación, distribución, etc. |
Salamanca, España : |
| Nombre del editor, distribuidor, etc. |
Anaya, |
| Fecha de publicación, distribución, etc. |
1969. |
| 300 ## - DESCRIPCIÓN FÍSICA |
| Extensión |
185 p. : |
| Otras características físicas |
il. ; |
| Dimensiones |
17 cm. |
| 490 1# - MENCIÓN DE SERIE |
| Mención de serie |
Biblioteca Anaya. Autores españoles |
| Designación de volumen o secuencia |
29 |
| 650 #4 - PUNTO DE ACCESO ADICIONAL DE MATERIA--TÉRMINO DE MATERIA |
| Término de materia o nombre geográfico como elemento de entrada |
Poesía española |
| Subdivisión cronológica |
SIGLO XIX |
| 9 (RLIN) |
9196 |
| 650 #4 - PUNTO DE ACCESO ADICIONAL DE MATERIA--TÉRMINO DE MATERIA |
| Término de materia o nombre geográfico como elemento de entrada |
Literatura española |
| Subdivisión general |
Siglo xix |
| 9 (RLIN) |
25634 |
| 650 #4 - PUNTO DE ACCESO ADICIONAL DE MATERIA--TÉRMINO DE MATERIA |
| Término de materia o nombre geográfico como elemento de entrada |
Poesía épica española |
| Subdivisión general |
Colecciones |
| 9 (RLIN) |
39995 |
| 700 1# - PUNTO DE ACCESO ADICIONAL--NOMBRE DE PERSONA |
| Nombre de persona |
Carballo Calero, Ricardo, |
| Término indicativo de función/relación |
ed. |
| 9 (RLIN) |
39996 |
| 830 #0 - PUNTO DE ACCESO ADICIONAL DE SERIE-TÍTULO UNIFORME |
| Título uniforme |
Biblioteca Anaya. |
| Nombre de parte o sección de la obra |
Autores españoles; |
| Designación de volumen o secuencia |
29 |
| 9 (RLIN) |
4941 |
| 910 ## - DATOS DE OPCIÓN DEL USUARIO (OCLC) |
| Datos de opción del usuario |
Catalogación por derivada /Oxford |
| 910 ## - DATOS DE OPCIÓN DEL USUARIO (OCLC) |
| Datos de opción del usuario |
WM |